[T]ranslations and paraphrases, in verse, of several passages of [sac]cred Scripture : ... and prepared by a Committee of the General Assembly of [the] Church of Scotland, in order to [be sung] in churches.

Bibliographic Details
Corporate Authors: Church of Scotland, Gale (Firm)
Format: eBook
Language:English
Published: [Edinburgh?] : [publisher not identified], Printed in the year 1786.
Subjects:
Online Access:Connect to the full text of this electronic book

MARC

Tag First Indicator Second Indicator Subfields
LEADER 00000cam a2200000 4500
001 in00003819721
005 20190415185937.0
006 m o d
007 cr |n||||||||n
008 891002s1786 stk|||| o 00||||eng c
035 |a (CU-RivES)T195075 
035 |a (Uk-ES)006289694 
035 |a (OCoLC)509592024 
040 |a Uk-ES  |c Uk-ES  |d CStRLIN  |d Cengage Gale  |d UtOrBLW 
110 2 |a Church of Scotland. 
240 1 0 |a Liturgies 
245 1 0 |a [T]ranslations and paraphrases, in verse, of several passages of [sac]cred Scripture :  |b ... and prepared by a Committee of the General Assembly of [the] Church of Scotland, in order to [be sung] in churches. 
264 1 |a [Edinburgh?] :  |b [publisher not identified],  |c Printed in the year 1786. 
300 |a 1 online resource (96 pages)  
336 |a text  |b txt  |2 rdacontent 
337 |a computer  |b c  |2 rdamedia 
338 |a online resource  |b cr  |2 rdacarrier 
510 4 |a English Short Title Catalog,  |c T195075. 
500 |a Reproduction of original from Bodleian Library (Oxford). 
500 |a Electronic resource. 
630 0 0 |a Bible  |v Paraphrases, English  |v Early works to 1800. 
650 0 |a Hymns, English  |z Scotland  |v Early works to 1800. 
655 7 |a Electronic books.  |2 local 
655 7 |a Hymns.  |2 rbgenr 
710 2 |a Gale (Firm)  |0 http://id.loc.gov/authorities/names/no2008071348 
752 |a Great Britain  |b Scotland  |d Edinburgh. 
856 4 0 |u http://proxy.library.tamu.edu/login?url=http://find.galegroup.com/ecco/infomark.do?contentSet=ECCOArticles&docType=ECCOArticles&bookId=1631101300&type=getFullCitation&tabID=T001&prodId=ECCO&docLevel=TEXT_GRAPHICS&version=1.0&source=library&userGroupName=txshracd2898  |z Connect to the full text of this electronic book  |t 0 
999 f f |s 7ade9a5a-94a2-3265-8f6b-86ec89ea400a  |i 8150f2f3-c37c-3ab0-af96-75dc4858c33b  |t 0 
952 f f |a Texas A&M University  |b College Station  |c Electronic Resources  |d Available Online  |t 0  |h No information provided 
998 f f |t 0  |l Available Online